| 000 | 00000nam##2200000za#4500 |
| 001 | 9.690540 |
| 003 | CaOODSP |
| 005 | 20210624232354 |
| 007 | cr ||||||||||| |
| 008 | 150407|2007||||xxc|||||o f|0| 0 eng|d |
| 020 | |a978-0-662-47530-9 |
| 040 | |aCaOODSP|beng |
| 043 | |an-cn--- |
| 086 | 1 |aHS28-136/2007E-PDF |
| 110 | 1 |aCanada.|bHuman Resources and Social Development Canada. |bStrategic Policy and Research. |
| 245 | 10|aInterim evaluation of the National Literacy Program : |h[electronic resource]|bfinal report |
| 246 | 1 |iAt head of title : |aEvaluation reports |
| 260 | |aGatineau - Quebec : |bHuman Resources and Social Development Canada. |cOctober 2007. |
| 300 | |a89p.|bfigs., tables |
| 590 | |a13-05-Supp|b2013-02-27 |
| 690 | 07|aLiteracy|2gcpds |
| 775 | 08|tÉvaluation provisoire du Programme national d'alphabétisation : |w(CaOODSP)9.634895 |
| 856 | 40|ahttp://publications.gc.ca|qPDF|s390 KB|uhttps://publications.gc.ca/collections/collection_2013/rhdcc-hrsdc/HS28-136-2007-eng.pdf |
| 986 | |aSP-AH-689-10-07E |